Zvyšovanie životnosti dierovacieho nástroja pri tvárnení za tepla = The increase of punching tool operating life during hot forming process : Diplomová práca

Enregistré dans:
Détails bibliographiques
Auteur principal: Ridzoň, Martin, 1984- (Auteur)
Autres auteurs: Bača, Jozef, 1935- (xxx)
Format: Manuscrit Livre
Langue:slovaque
Publié: Bratislava : STU v Bratislave MtF KTv, 2007
Sujets:
Tags: Ajouter un tag
Pas de tags, Soyez le premier à ajouter un tag!

MARC

LEADER 00000ntm a22000003a 4500
001 stu143896
005 20150617225953.0
008 070807s2007----xo------------------slo-d
040 |a STU  |b slo 
041 0 |a slo 
044 |a xo 
100 1 |a Ridzoň, Martin,  |d 1984-  |4 aut  |u M3000  |U MTF Materiálovotechnologická fakulta  |T MTF Ústav výrobných technológií  |X 28896  |U M3000  |Y 83  |7 A000028896 
245 1 |a Zvyšovanie životnosti dierovacieho nástroja pri tvárnení za tepla = The increase of punching tool operating life during hot forming process :  |b Diplomová práca 
260 |a Bratislava :  |b STU v Bratislave MtF KTv,  |c 2007 
300 |a 65 s  |c 1 CD-ROM 
500 |a Program: Tvárnenie 
650 7 |a dierovací nástroj  |2 stusub 
700 1 |a Bača, Jozef,  |d 1935-  |4 xxx  |u M150  |U MTF Ústav výrobných technológií  |T MTF Katedra tvárnenia  |X 303  |U M150  |Y M150  |7 A000000303 
700 1 |a Weiss, Michal  |4 csl 
996 |b 284M076836  |c M*DP-6768  |l MMSKP  |s P  |a 0  |w stu143896_0001